| 000 | 01230cam a2200325 a 4500 | ||
|---|---|---|---|
| 999 |
_c5625 _d5625 |
||
| 001 | 12137130 | ||
| 003 | OSt | ||
| 005 | 20220425120817.0 | ||
| 008 | 000810s2002 ohu 001 0 eng | ||
| 010 | _a 00063749 | ||
| 020 | _a0324070659 (pbk. : alk. paper) | ||
| 040 |
_aDLC _cDLC _dDLC |
||
| 050 | 0 | 0 |
_aPE1408 _b.G923 2002 |
| 082 | 0 | 0 |
_a808/.042 _221 |
| 100 | 1 | _aGuffey, Mary Ellen. | |
| 245 | 1 | 0 |
_aEssentials of college English / _cMary Ellen Guffey, Carolyn M. Seefer ; edited by Elizabeth T. Tice. |
| 246 | 3 | 0 | _aCollege English |
| 250 | _a2nd ed. | ||
| 260 |
_aCincinnati, Ohio : _bSouth-Western, _cc2002. |
||
| 300 |
_av, 193 p. ; _c28 cm. |
||
| 504 | _aIncludes index. | ||
| 650 | 0 |
_aEnglish language _xRhetoric. |
|
| 650 | 0 |
_aEnglish language _xGrammar _vProblems, exercises, etc. |
|
| 650 | 0 |
_aReport writing _vProblems, exercises, etc. |
|
| 700 | 1 | _aSeefer, Carolyn M. | |
| 700 | 1 | _aTice, Elizabeth T. | |
| 906 |
_a7 _bcbc _corignew _d1 _eocip _f20 _gy-gencatlg |
||
| 942 |
_2lcc _cBK _nCM |
||